000 00755nam a2200229 a 4500
999 _c12251
_d12251
001 12251
003 BD-JhCC
005 20220512134022.0
008 210901b2020 bg a|||| ||a| 000 0 Ben d
020 _a9847014500821
035 _a(BD-JhCC)12251
040 _aBD-JhCC
_dBD-JhCC
041 _abengali
082 _a503
_bODI 2020
100 _aঅদ্বিতী, হাফেজা হক
245 _aবিজ্ঞান এনাসাইক্লোপিডিয়া /
_cহাফেজা হক অদ্বিতী।
260 _aঢাকা:
_bদি স্কাই পাবলিশার্স;
_c২০২০.
300 _a320 p. :
_bill;
_c22 cm.
650 _ascience Encyclopedia
942 _2ddc
_cBK
_01